Countries of Europe - Speed Test - Statistics

General Stats
  • This quiz has been taken 133 times
  • The average score is 29 of 45
Answers on the Map
Answers color-coded by a green-red scale on the quiz's map according to % correct below.
 
Answer Stats
Country % Correct
Belgium
74%
Andorra
71%
France
71%
Norway
71%
Slovakia
71%
Ukraine
71%
Greece
69%
Albania
68%
Denmark
68%
Malta
68%
Belarus
66%
Croatia
66%
Liechtenstein
66%
Portugal
66%
Russia
66%
Bulgaria
65%
Finland
65%
Ireland
65%
Luxembourg
65%
Switzerland
65%
Vatican City
65%
Bosnia andHerzegovina
63%
Czech Republic
63%
Iceland
63%
Italy
63%
Montenegro
63%
Netherlands
63%
San Marino
63%
Slovenia
63%
Estonia
62%
Germany
62%
Hungary
62%
Moldova
62%
Monaco
62%
NorthMacedonia
62%
Poland
62%
Romania
62%
Spain
62%
United Kingdom
62%
Austria
60%
Kosovo
60%
Serbia
59%
Sweden
54%
Latvia
51%
Lithuania
49%
No matching quizzes found
Score Distribution
Percent of People with Each Score
Percentile by Number Answered
Your Score History
You have not taken this quiz